Derecho procesal civil español / (Registro nro. 121716)

Detalles MARC
000 -LEADER
campo de control de longitud fija 00629nam a2200193 4500
001 - NÚMERO DE CONTROL
campo de control 121716
003 - IDENTIFICADOR DE NÚMERO DE CONTROL
campo de control ES-MaACL
005 - FECHA Y HORA DE LA ÚLTIMA TRANSACCIÓN
campo de control 20250809063315.0
007 - CAMPO FIJO DE DESCRIPCIÓN FÍSICA--INFORMACIÓN GENERAL
campo de control de longitud fija t|
008 - DATOS DE LONGITUD FIJA--INFORMACIÓN GENERAL
campo de control de longitud fija 070214s1942 sp r ||||1| spa d
100 1# - ENTRADA PRINCIPAL--NOMBRE DE PERSONA
Nombre de persona Plaza, Manuel de la.
9 (RLIN) 92622
245 10 - MENCIÓN DEL TÍTULO
Título Derecho procesal civil español /
Mención de responsabilidad, etc. Manuel de la Plaza.
260 ## - PUBLICACIÓN, DISTRIBUCIÓN, ETC.
Lugar de publicación, distribución, etc. Madrid :
Nombre del editor, distribuidor, etc. Revista de Derecho Privado,
Fecha de publicación, distribución, etc. 1942.
300 ## - DESCRIPCIÓN FÍSICA
Extensión 2 v. ;
Dimensiones 23 cm.
490 1# - MENCIÓN DE SERIE
Mención de serie Revista de Derecho Privado. Serie G. Manuales de Derecho ;
Designación de volumen o secuencia 8
830 00 - PUNTO DE ACCESO ADICIONAL DE SERIE-TÍTULO UNIFORME
Título uniforme Revista de derecho privado
Designación de volumen o secuencia 8
9 (RLIN) 232247
852 ## - LOCALIZACIÓN
Ubicación ES-MaACL
Número de control de estantería F-15550-51
Sublocalización o colección R.19532
Existencias
Estatus retirado Estado de pérdida Estado de daño No para préstamo Biblioteca de origen Biblioteca actual Ubicación en estantería Fecha de adquisición Fuente de adquisición Total de préstamos Signatura topográfica completa Código de barras Visto por última vez Precio de reemplazo Tipo de ítem Koha
        Biblioteca del Ateneo de Madrid Biblioteca del Ateneo de Madrid Sala Pecera Planta 2 17/01/2008     F-15550-51 1126841 23/02/2023 23/02/2023 Libro impreso